MDQL
is popping MORE tags! Check the
thread
!
Quizzes
Events
Quiz Creation
Community
Videos
Private Events
Remove Ads
Sign In
Join for FREE
Feedback
Dark Mode
Quiz Categories
Sports
Geography
Music
Movies
Television
Just For Fun
Miscellaneous
History
Literature
Language
Science
Gaming
Entertainment
Religion
Holiday
For Kids
Quiz Lab
Recent
Popular Today
Quiz Kudos Today
Editor Picks
Curator Picks
Quizzes by...
Day
Popularity
Type
Ratings
Length
Year
Community
Subscriptions
Recent Discussions
Orange Saloon
Badges
Playlists
Quests
Create
Leaderboards
Showdown
Live 5
Trivia Bingo
Activity
Puzzle Library
Sporcle Events
Private Events
Virtual Trivia
Globe League
Become a Host
Pub Owners
SporcleCon
Opinionation
Our Games
Videos
Blog
Mobile Apps
Partnerships
Remove Ads and Go Orange
Feedback
Literature
Harry Potter
A Song of Ice and Fire
The Hunger Games
Literary Character
Shakespeare
Book
Author
Novel
Poem
Young Adult
Children's Books
Play
Lord of the Rings
Literature
Harry Potter
A Song of Ice and Fire
The Hunger Games
Literary Character
Shakespeare
Book
Author
Novel
Poem
Young Adult
Children's Books
Play
Lord of the Rings
Random Quiz
Search Sporcle
×
Quiz Lab
Quiz Lab
Literature
Song
Type in answers that appear in a list
Type in answers that appear in a list
Classic
Best Score? Go Orange.
A Song of Ice and Fire Known Dragons Stats
Can you name the A Song of Ice and Fire dragons?
By
klacky
3m
9 Questions
664 Plays
664 Plays
664 Plays
Comments
Comments
Give Quiz Kudos
Give Quiz Kudos
-
- Ratings
hide this ad
More Info
Replay
Link that replays current quiz
Next Quiz
Link to next quiz in quiz playlist
You Got
0%
They Got
Avg Score
64%
Avg Friend Score
Upgrade to see
Score Distribution
Jump to the score distribution portion of the page
Score
0/9
Timer
03:00
0
Plays Today
Dragons
% Correct
Drogon
98%
Viserion
94.9%
Rhaegal
91.4%
Balerion
88.1%
Meraxes
80.9%
Vhagar
63.7%
Silverwing
31.5%
Syrax
21.2%
Urrax
11%
Quiz Playlist
Details
Report
Send in Message
Add To Playlist
More Info:
Known dragons from A Song of Ice and Fire.
Classic:
Type in answers that appear in a list
Quiz Source
Last Updated: Feb 16, 2017
Quiz Scoreboard
CHALLENGE
Sign Up to Join the Scoreboard
Show All
Scores
Hide
Comments
May contain spoilers
Recently Published
Colored Red Africa Blitz
by spor1
Geography
30s
Find the 'City' Movie
by crazypaving
Movies
60s
5x2 Blitz: Bands
by SL_Kpop136
Music
30s
More to Explore
Quiz From the Vault
Featured Blog Post
14 Easter Pick-up Lines to Find Eggs With
hide this ad
You Might Also Like...
Tags
A Song of Ice and Fire Quiz
Song Quiz
bag
Dragon
fire
Game of Thrones
ice
Known
Today's Top Quizzes in Literature
Browse Literature
hide this ad
Today's Top Quizzes in Song
Browse Song
Top Contributed Quizzes in Literature
1
Sneaky Slytherin Logic Puzzle
2
One Thing in Common: Literature II
3
A Series of Unfortunate Events logic puzzle
4
Harry Potter Clickable Logic Puzzle #4
5
Multi-Category Minefield Blitz: Hunger Games
6
Harry Potter logic puzzle: Forensics Investigation
7
10-to-1 Game Of Thrones
8
10 Layers of Google Translate: Stephen King Books
9
Hunger Games Tributes Logic Puzzle
10
Characters With Most Lines in 'Catching Fire'
Explore More
Trending Topics
Crossword
Anime
NBA
Kpop
Harry Potter
Marvel
Disney
NFL
Pokémon
The Office
Puzzle
WWE
Country
Soccer
Song
hide this ad
More By:
klacky
Quiz
Plays
Rating
Category
Featured
Created
A Song of Ice and Fire Known Dragons
664
3.17
Literature
Sep 7, 2011
Go to Creator's Profile
Score Distribution
Quiz Creator Spotlight
klacky
Follow
Send a Message
Quizzes Created
-
Created Quiz Play Count
-
More By This Creator
Popular Quizzes Today
1
5x2 Blitz: Bands
2
Find the 'City' Movie
3
Colored Red Africa Blitz
4
Find the US States - No Outlines Minefield
5
The Countries of the World
6
Find the US States
7
9x9 Crossword: Cartoon Network
8
US States
More Literature Quizzes
Not Top 3: Novels by Author
Editor's Pick
Trending Quizzes
Colored Red Africa Blitz II
Colored Red Europe Blitz I
Christmas Pick: Judaism
Colored Red Africa Blitz III
Colored Red Europe Blitz II
Recently Updated
Champions League XIs: Real Madrid
pecheneg
Largest US Cities 1790-2010
pecheneg
Rides in Walt Disney World
pecheneg
Most Oscar Losses (Acting)
pecheneg
Beyoncé Albums
pecheneg
Leaping Animals
pecheneg
Reality TV Shows (A-Z)
bhenderson79
Rickey Henderson's Hall of Fame Teammates
pecheneg
Champions League XIs: Arsenal
pecheneg
Quick Pick: Celebrities in WWE's Hall of Fame
aduchscher
Trending Topics
Anime
NBA
Harry Potter
Crossword
Kpop
Disney
Marvel
WWE
NFL
Song
The Office
Country
Soccer
Puzzle
Pokémon
Your Account Isn't Verified!
In order to create a playlist on Sporcle, you need to verify the email address you used during registration. Go to your
Sporcle Settings
to finish the process.
Report this User
Report this user for behavior that violates our
Community Guidelines
.
Details:
Send Report
Go to the Sporcle.com Mobile Site →
Comments